Statistics for History - Did They Have It?

Click here to take the quiz!

General Stats

  • This quiz has been taken 35,117 times
  • The average score is 11 of 15

Answer Stats

QuestionAnswer% Correct
Did the ancient Greeks have wine?Yes
97%
Did they have television during the first moon landing?Yes
96%
Did they have radio during the Great Depression?Yes
93%
Did the ancient Romans have gunpowder?No
90%
Did they have airplanes in World War One?Yes
89%
Did the ancient Romans eat spaghetti with marinara sauce?No
86%
Did they have plastic in ancient China?No
86%
Did they have photography during the U.S. Civil War?Yes
81%
Did they have penicillin during the Victorian era?No
74%
Did they have domesticated dogs at any time during the Stone Age?Yes
71%
Did women wear anything called a "brassiere" in the 1700s?No
68%
Did they have bicycles during the French Revolution?No
56%
Did aboriginal Australians have written language before European colonization?No
54%
Did they have eyeglasses in ancient Persia?No
45%
Did the Incas have wheeled carts?No
44%

Score Distribution

Percentile by Number Answered

Percent of People with Each Score

Your Score History

You have not taken this quiz